000 00774cab a2200229 4500
001 WB3333-07
008 090401t1997 xxu||||| |||| 00| 0 eng d
035 _a(Sirsi) u80449
041 _aeng
245 _aAsbestos
260 _c1997
350 _a0
490 _aHSE News Release
_v(057) 20 August 1997 (2)
520 _aThe HSE has published new advice for workers wearing respiratory protective equipment (RPE) when working with asbestos. The free leaflet is called "Keep your mask on".
650 _aMANAGEMENT-HEALTH AND SAFETY-HAZARDOUS SUBSTANCES-ASBESTOS
650 _aHEALTH AND SAFETY EXECUTIVE
650 _aHSE
650 _aRESPIRATORY PROTECTIVE EQUIPMENT
690 _aBUILT ENVIRONMENT-BUILDING STANDARDS
942 _n0
948 _c22/08/1997
999 _c50658
_d50658